000 00346nab a22001097u 4500
008 130520b2002 xxu||||| |||| 00| 0 spa d
041 _aspa
100 1 _aCarriedo Tejedo, Manuel
_967731
245 0 0 _aCoronación de Ramiro I en Lugo
_cManuel Carriedo Tejedo
773 0 _tLucensia
_gV.12, nº25,2002,págs. 345-358
_x1130-6831
_wRev259
942 _cAR
999 _c361239
_d361239